<?xml version="1.0" encoding="UTF-8"?>
<record
    xmlns:xsi="http://www.w3.org/2001/XMLSchema-instance"
    xsi:schemaLocation="http://www.loc.gov/MARC21/slim http://www.loc.gov/standards/marcxml/schema/MARC21slim.xsd"
    xmlns="http://www.loc.gov/MARC21/slim">

  <leader>01511nam a2200325Ia 4500</leader>
  <datafield tag="999" ind1=" " ind2=" ">
    <subfield code="c">9814</subfield>
    <subfield code="d">9814</subfield>
  </datafield>
  <controlfield tag="001">61243948</controlfield>
  <controlfield tag="003">OCoLC</controlfield>
  <controlfield tag="005">20241126110719.0</controlfield>
  <controlfield tag="008">050810s1999    miu      b    001 0 eng d</controlfield>
  <datafield tag="020" ind1=" " ind2=" ">
    <subfield code="a">0310212715 (pbk.) :</subfield>
  </datafield>
  <datafield tag="020" ind1=" " ind2=" ">
    <subfield code="a">9780310212713 (pbk.)</subfield>
  </datafield>
  <datafield tag="035" ind1=" " ind2=" ">
    <subfield code="a">(OCoLC)61243948</subfield>
  </datafield>
  <datafield tag="040" ind1=" " ind2=" ">
    <subfield code="a">ABF</subfield>
    <subfield code="c">ABF</subfield>
    <subfield code="d">ATH</subfield>
  </datafield>
  <datafield tag="082" ind1=" " ind2=" ">
    <subfield code="a">241.2</subfield>
    <subfield code="b">LAW</subfield>
  </datafield>
  <datafield tag="090" ind1=" " ind2=" ">
    <subfield code="a">BT79</subfield>
    <subfield code="b">.L38 1999</subfield>
  </datafield>
  <datafield tag="090" ind1=" " ind2=" ">
    <subfield code="a">BT79</subfield>
    <subfield code="b">.L38 1999</subfield>
  </datafield>
  <datafield tag="130" ind1="0" ind2=" ">
    <subfield code="a">Law, the gospel, and the modern Christian.</subfield>
    <subfield code="9">17086</subfield>
  </datafield>
  <datafield tag="245" ind1="1" ind2="0">
    <subfield code="a">Five views on law and Gospel /</subfield>
    <subfield code="c">Greg L. Bahnsen ... [et al.].</subfield>
  </datafield>
  <datafield tag="260" ind1=" " ind2=" ">
    <subfield code="a">Grand Rapids, MI :</subfield>
    <subfield code="b">Zondervan,</subfield>
    <subfield code="c">c1999.</subfield>
  </datafield>
  <datafield tag="300" ind1=" " ind2=" ">
    <subfield code="a">416 p. ;</subfield>
    <subfield code="c">20 cm.</subfield>
  </datafield>
  <datafield tag="490" ind1="1" ind2=" ">
    <subfield code="a">Counterpoints</subfield>
  </datafield>
  <datafield tag="500" ind1=" " ind2=" ">
    <subfield code="a">Originally published under title: The law, the gospel, and the modern Christian, 1993.</subfield>
  </datafield>
  <datafield tag="504" ind1=" " ind2=" ">
    <subfield code="a">Includes bibliographical references and indexes.</subfield>
  </datafield>
  <datafield tag="505" ind1="0" ind2="0">
    <subfield code="t">Law is the perfection of righteousness in Jesus Christ: a reformed perspective /</subfield>
    <subfield code="r">Willem A. Vangemeren --</subfield>
    <subfield code="t">Theonomic reformed approach to law and gospel /</subfield>
    <subfield code="r">Greg L. Bahnsen --</subfield>
    <subfield code="t">Law as God's gracious guidance for the promotion of holiness /</subfield>
    <subfield code="r">Walter C. Kaiser --</subfield>
    <subfield code="t">Inauguration of the law of Christ with the gospel of Christ: a dispensational view /</subfield>
    <subfield code="r">Wayne G. Strickland --</subfield>
    <subfield code="t">Law of Christ as the fulfillment of the law of Moses: a modified Lutheran view /</subfield>
    <subfield code="r">Douglas Moo.</subfield>
  </datafield>
  <datafield tag="650" ind1=" " ind2="0">
    <subfield code="a">Law and gospel.</subfield>
    <subfield code="9">381</subfield>
  </datafield>
  <datafield tag="650" ind1=" " ind2="0">
    <subfield code="a">Evangelicalism.</subfield>
    <subfield code="9">178</subfield>
  </datafield>
  <datafield tag="700" ind1="1" ind2=" ">
    <subfield code="a">Bahnsen, Greg L.</subfield>
    <subfield code="9">17087</subfield>
  </datafield>
  <datafield tag="830" ind1=" " ind2="0">
    <subfield code="a">Counterpoints (Grand Rapids, Mich.)</subfield>
    <subfield code="9">1396</subfield>
  </datafield>
  <datafield tag="942" ind1=" " ind2=" ">
    <subfield code="2">ddc</subfield>
    <subfield code="c">BK</subfield>
    <subfield code="0">1</subfield>
  </datafield>
  <datafield tag="952" ind1=" " ind2=" ">
    <subfield code="0">0</subfield>
    <subfield code="1">0</subfield>
    <subfield code="2">ddc</subfield>
    <subfield code="4">0</subfield>
    <subfield code="7">0</subfield>
    <subfield code="a">GBC</subfield>
    <subfield code="b">GBC</subfield>
    <subfield code="c">TH</subfield>
    <subfield code="d">2023-07-26</subfield>
    <subfield code="l">1</subfield>
    <subfield code="o">241.2 LAW</subfield>
    <subfield code="p">016247</subfield>
    <subfield code="r">2025-05-01 00:00:00</subfield>
    <subfield code="s">2023-09-12</subfield>
    <subfield code="t">c.1</subfield>
    <subfield code="w">2023-07-26</subfield>
    <subfield code="y">BK</subfield>
  </datafield>
</record>
